000
00298nam a2200133Ia 4500
005
20251222141848.0
008
251222s9999||||xx |||||||||||||| ||spa||
020
_a
84-206-3354-2
082
_a
838.93/K15R
100
_a
Kafka, Franz
245
0
_a
Cartas a Milena
264
_b
Alianza
942
_c
LIB
999
_c
7631
_d
7631